000 00977nam a22003017a 4500
001 5066
003 FISKH
005 20241204154416.0
008 241104b cb ||||| |||| 00| 0 eng d
020 _a0439099439
040 _aFISKH
_beng
_cFISKH
_dFISKH
050 _aPZ8.M278
082 _a823
100 _aMahy, Margaret
_d(1936–2012)
245 _aA summer Saturday morning /
_cMargaret Mahy illustrated by Selina Young
250 _aFirst printing in 1999
260 _aNew York :
_bScholastic,
_c1998.
300 _a26 pages :
_bcolor illustrations ;
_c19 cm
505 _aG
520 _aThough their Saturday morning walk is not as peaceful as planned, a group of children and their dogs, with one brave adult, enjoy themselves.
521 8 _a380L
_bLexile
521 8 _aG
_bRaz-plus
650 _2Animals
_aNew Zealand
_vSummer
650 _2Picture book
_aRhyme
700 _aYoung, Selina
_dIllustrator
942 _2ddc
_cBK
_n0
999 _c5066
_d5066